The quick reference world atlas

Bibliographic Details
Format: Book
Published: London : Selectabook Limited , c1995
Subjects:

MARC

LEADER 00000cam a2200000 7i4500
001 0000033610
005 20030302093000.0
008 021119s1995
020 |a 1856482359 
090 0 0 |a G1021   |b .Q8 1995 ff 
245 0 4 |a The quick reference world atlas 
260 2 |a London :   |b Selectabook Limited ,   |c c1995 
300 |a 96 p. ;   |c 31 cm. 
500 |a Includes index 
650 0 |a Atlases 
999 |a 1000067932   |b Book   |c Reference   |e Gong Badak Campus